Mathematiques : classe terminale A
Αποθηκεύτηκε σε:
| Κύριοι συγγραφείς: | , |
|---|---|
| Μορφή: | Βιβλίο |
| Γλώσσα: | French |
| Δημοσίευση: |
Lyon :
Andre Desvigne,
1966.
|
| Σειρά: | Cours complet de mathematiques
|
| Θέματα: | |
| Ετικέτες: |
Προσθήκη ετικέτας
Δεν υπάρχουν, Καταχωρήστε ετικέτα πρώτοι!
|
MARC
| LEADER | 00000cam a2200000 i 4500 | ||
|---|---|---|---|
| 001 | 1/6774 | ||
| 008 | 100421s1966 fr ||| | fre|| | ||
| 035 | |l 10107631 | ||
| 040 | |a GR-MyUA |b gre |e AACR2 | ||
| 041 | 0 | |a fre | |
| 082 | 0 | |a 510.712 |2 (22) | |
| 100 | 1 | |a Lespinard, Victor. | |
| 245 | 1 | 0 | |a Mathematiques : |b classe terminale A / |c V. Lespinard et R. Pernet. |
| 260 | |a Lyon : |b Andre Desvigne, |c 1966. | ||
| 300 | |a 89 σ. : |b εικ. ; |c 25 εκ. | ||
| 490 | 1 | |a (Cours complet de mathematiques) | |
| 500 | |a Programme du 8 Juin 1966 | ||
| 650 | 0 | 0 | |a Mathematics |x Study and teaching (Secondary) |
| 700 | 1 | |a Pernet, R. |e aut | |
| 830 | 0 | |a Cours complet de mathematiques | |
| 852 | |a INST |b SAMOS |c MAG |e 20100421 |h 510.712 LES |p 005300031964 |q 005300031964 |t BK |y 0 | ||
| 901 | |a BIBL3-2010-1 | ||
| 909 | |a Σ |b 162242 | ||
| 970 | |a ΣΙΤΖΙΜΗ |b ΓΙΑΣΕΜΗ |z 2010/04/21 | ||